000
00284nam a22001337a 4500
008
171201b xxu||||| |||| 00| 0 eng d
020
_a
9780133049237
041
_a
eng
080
_a
721
100
_a
41
101
_a
NDE
245
_a
BUILDING TRADES: CORE
_c
NEC
942
_2
udc
_c
BK
999
_c
38655
_d
38655